000 00716nam a22002417a 4500
003 DO-SdBNP
005 20240515121720.0
007 ta
008 210617e2021 dr| 00| f spa d
040 _aDO-SdBNP
_bspa
_cBPMSU
082 4 _aRD863.5
_bM425p 2021
_222
100 1 _aMateo, Ana
245 1 0 _aPetronila :
_bnovela /
_cAna Mateo .
260 _aSanto Domingo :
_bJaime Meléndez Publicidad.
_c2021.
300 _a352 p. ;
_c23 cm.
500 _aIncluye datos biográficos de la autora en la contracubierta.
590 _aInventariado, 2024/VM
650 4 _aNovela dominicana
650 4 _aLiteratura dominicana
650 z _aDominican fictions
910 _aVMateo V. Control de calidad BPMSU
942 _2ddc
_cBK
999 _c14642
_d14642